01288nam a22001937a 450000500170000000800410001702000150005804000070007304100120008008200180009210000190011024500290012926000410015830000320019936500280023152007970025965000180105670000200107420220326110923.0220326b ||||| |||| 00| 0 eng d a0195633423 cAL aEnglish 223a934bTHAI a Romila Thapar aInterpreting Early India aDelhibOxford University Pressc1994 avii,181 p.bPBc21.5x14 cm. b₹80.00c₹d₹80.00 aIn this study, Romila Thapar argues the importance of understanding and positioning various well-established perspectives on the Indian past in order to arrive at an informed understanding of contemporary situations--such as disputes between Hindus and other Indian communities. It is vitally important for historians and informed lay readers to consider the wide range of opinions and views that are available on the Indian past, interpretations have often risen out of ideological conceptions. Thapar shows that the most influential ideologies which shaped the writing of early India initially had their moorings in European concerns; later, the rise of Indian nationalism questioned many of these conceptions; and most recently, these nationalist interpretations have also been questioned. aIndia History aTHAPAR (Romila)